[Event "Heusenstamm Schloss op"]
[Site "Heusenstamm"]
[Date "2023.11.23"]
[Round "1"]
[White "Kalepky, Helmut"]
[Black "Rotaermel, Leonie"]
[Result "1/2-1/2"]
[WhiteElo "1912"]
[BlackElo "1472"]
[PlyCount "98"]
[EventDate "2023.11.23"]
[EventType "swiss"]
[EventRounds "7"]
[EventCountry "GER"]
[SourceTitle "CB48_2023"]
[SourceDate "2023.11.29"]
[SourceVersion "1"]
[SourceVersionDate "2023.11.29"]
[SourceQuality "1"]

1. e4 e6 2. d4 d5 3. Nc3 dxe4 4. Nxe4 Bd7 5. Bd3 Bc6 6. Nf3 Nd7 7. c3 Ngf6 8. Qe2 Nxe4 9. Bxe4 Bxe4 10. Qxe4 c6 11. Bg5 Be7 12. Bxe7 Qxe7 13. 0-0 0-0 14. Rfe1 Qf6 15. Rad1 Rfd8 16. b4 Nb6 17. Ne5 Nd7 18. Nc4 Nb6 19. Na5 Qe7 20. Rd3 Nd5 21. a3 Qc7 22. Rg3 Nf6 23. Qf3 Kh8 24. Nc4 Rd5 25. Ne5 a5 26. Qf4 Qe7 27. h3 axb4 28. axb4 Rdd8 29. Ree3 Rf8 30. Qg5 Rg8 31. Ref3 Raf8 32. c4 Qd8 33. Rf4 h6 34. Qh4 Kh7 35. Ng4 Nxg4 36. Qxg4 g5 37. Rff3 f5 38. Qh5 Qxd4 39. Rd3 Qa1+ 40. Kh2 Qf6 41. Rd7+ Rg7 42. Rgd3 Qe5+ 43. g3 f4 44. Rxg7+ Qxg7 45. Qe2 fxg3+ 46. fxg3 Qf7 47. Kg2 Kg8 48. Re3 Re8 49. Rf3 Qg7 1/2-1/2

[Event "Rheinland Pfalz Seniors op"]
[Site "Altenkirchen"]
[Date "2023.09.08"]
[Round "4"]
[White "Kalepky, Helmut"]
[Black "Geyer, Bernhard"]
[Result "0-1"]
[WhiteElo "1912"]
[BlackElo "2164"]
[PlyCount "116"]
[EventDate "2023.09.05"]
[EventType "swiss"]
[EventRounds "9"]
[EventCountry "GER"]
[SourceTitle "EXT 2024"]
[Source "ChessBase"]
[SourceDate "2023.10.10"]
[SourceVersion "1"]
[SourceVersionDate "2023.10.10"]
[SourceQuality "1"]

1. Nf3 d5 2. g3 c5 3. Bg2 Nc6 4. d4 e6 5. 0-0 Nf6 6. c3 Bd6 7. Nbd2 0-0 8. Qc2 cxd4 9. Nxd4 e5 10. Nxc6 bxc6 11. Rd1 Qc7 12. b3 Bg4 13. Nf1 Be6 14. Bb2 Rac8 15. c4 Rfe8 16. cxd5 cxd5 17. Qxc7 Rxc7 18. Rdc1 Rec8 19. Rxc7 Rxc7 20. Rc1 Rxc1 21. Bxc1 Nd7 22. e3 f5 23. Nd2 Kf7 24. Bb2 g5 25. Nf3 Kf6 26. h4 g4 27. Nd2 Kg6 28. Bf1 f4 29. Bb5 Kf5 30. exf4 Nc5 31. Bxe5 Bxe5 32. fxe5 Kxe5 33. b4 Nb7 34. Nb3 Bf5 35. Kf1 Nd6 36. Ba6 Bb1 37. a4 Bc2 38. Nc5 Kd4 39. Ne6+ Kc3 40. Nc7 d4 41. Ke1 Kxb4 42. Kd2 Bxa4 43. Bd3 Nc4+ 44. Ke2 h6 45. Nd5+ Kc5 46. Nf6 Ne5 47. Ng8 Nxd3 48. Kxd3 Bb5+ 49. Kd2 Bc4 50. Nxh6 Be6 51. h5 a5 52. Nxg4 Bxg4 53. h6 Bf5 54. g4 Bh7 55. f4 Kd5 56. f5 Ke5 57. Kd3 a4 58. Kc4 a3 0-1

[Event "Heusenstamm Sparkassen op-A 5th"]
[Site "Heusenstamm"]
[Date "2018.11.24"]
[Round "5"]
[White "Kalepky, Helmut"]
[Black "Hegel, Christoph"]
[Result "1/2-1/2"]
[WhiteElo "1960"]
[BlackElo "1803"]
[PlyCount "40"]
[EventDate "2018.11.22"]
[EventType "swiss"]
[EventRounds "7"]
[EventCountry "GER"]
[SourceTitle "CBM 188 Extra"]
[Source "ChessBase"]
[SourceDate "2019.02.26"]
[SourceVersion "1"]
[SourceVersionDate "2019.02.26"]
[SourceQuality "1"]

1. e4 c5 2. c4 Nc6 3. f4 e6 4. Nf3 d5 5. cxd5 exd5 6. e5 Nge7 7. Be2 Nf5 8. 0-0 h5 9. g3 Qb6 10. Kh1 Nfd4 11. Nxd4 Nxd4 12. d3 Nxe2 13. Qxe2 Bg4 14. Qf2 h4 15. f5 0-0-0 16. Nc3 d4 17. Ne4 Qb5 18. Qc2 Rd5 19. f6 g6 20. Bf4 Bf5 1/2-1/2

[Event "Heusenstamm Sparkassen op-A 5th"]
[Site "Heusenstamm"]
[Date "2018.11.22"]
[Round "1"]
[White "Kalepky, Helmut"]
[Black "Klundt, Klaus"]
[Result "0-1"]
[WhiteElo "1960"]
[BlackElo "2313"]
[PlyCount "156"]
[EventDate "2018.11.22"]
[EventType "swiss"]
[EventRounds "7"]
[EventCountry "GER"]
[SourceTitle "CBM 188 Extra"]
[Source "ChessBase"]
[SourceDate "2019.02.26"]
[SourceVersion "1"]
[SourceVersionDate "2019.02.26"]
[SourceQuality "1"]

1. e4 c5 2. Nf3 e6 3. d4 cxd4 4. Nxd4 Nc6 5. c4 Nf6 6. Nc3 Bb4 7. Nxc6 bxc6 8. Bd2 e5 9. Bd3 0-0 10. 0-0 Rb8 11. a3 Be7 12. b4 d6 13. Qc2 Be6 14. Rfd1 h6 15. h3 Nd7 16. Be3 Qc7 17. Rab1 Rfc8 18. Qd2 Nf6 19. Rdc1 Qd7 20. Qe2 Bd8 21. f4 exf4 22. Bxf4 Bb6+ 23. Kh1 Bd4 24. c5 Be5 25. Bxe5 dxe5 26. Ba6 Rd8 27. Rd1 Qe7 28. Rxd8+ Rxd8 29. Rd1 Rd4 30. Rxd4 exd4 31. Nb1 Qc7 32. Nd2 Qf4 33. Bd3 Kf8 34. a4 Nd7 35. Nf3 Qc1+ 36. Kh2 Qc3 37. Qd2 Qxd2 38. Nxd2 Ne5 39. Ba6 Ke7 40. Kg3 f6 41. Nf3 Nxf3 42. Kxf3 Bb3 43. a5 Ke6 44. Bd3 Bd1+ 45. Kf2 Ke5 46. g3 Bh5 47. Kg2 Be8 48. Kf3 Bd7 49. g4 Be6 50. Kg3 Bb3 51. Kf3 Ba4 52. Kg3 Bd1 53. Kf2 h5 54. gxh5 Bxh5 55. Kg3 Be8 56. Kf3 Bf7 57. Kg3 Be6 58. h4 Bf7 59. Kf3 Bh5+ 60. Kg3 Bd1 61. Kf2 Kf4 62. b5 cxb5 63. Bxb5 Ke5 64. Bd3 Bg4 65. Ba6 Kxe4 66. Bb7+ Ke5 67. Ke1 Be6 68. Kd2 Bd5 69. a6 Bc4 70. Ke1 Bf7 71. Kf2 g5 72. hxg5 fxg5 73. Ke2 Bc4+ 74. Kf2 g4 75. Bc8 Kf4 76. c6 g3+ 77. Ke1 d3 78. c7 Ke3 0-1

[Event "Rheinland Pfalz op Seniors 16th"]
[Site "Neustadt an der Weinstrasse"]
[Date "2018.07.12"]
[Round "6"]
[White "Kalepky, Helmut"]
[Black "Loos, Udo"]
[Result "0-1"]
[WhiteElo "1980"]
[BlackElo "2030"]
[PlyCount "120"]
[EventDate "2018.07.07"]
[EventType "swiss"]
[EventRounds "9"]
[EventCountry "GER"]
[SourceTitle "EXT 2019"]
[Source "ChessBase"]
[SourceDate "2018.10.10"]
[SourceVersion "1"]
[SourceVersionDate "2018.10.10"]
[SourceQuality "1"]

1. e4 c5 2. Nf3 g6 3. d3 Bg7 4. Nbd2 Nc6 5. c3 e5 6. Be2 Nge7 7. Nc4 d5 8. Ne3 0-0 9. Nc2 f5 10. exd5 Nxd5 11. 0-0 h6 12. Nfe1 Qd6 13. g3 Be6 14. Bf3 Rad8 15. Qe2 Rfe8 16. Bg2 Bf7 17. Ne3 b5 18. Nxd5 Bxd5 19. Qc2 Bf7 20. a4 a6 21. axb5 axb5 22. f4 Bd5 23. fxe5 Nxe5 24. Bf4 Bxg2 25. Qxg2 Qd7 26. Bxe5 Rxe5 27. Ra6 Rde8 28. Nf3 Re2 29. Qh3 g5 30. Qh5 Qxd3 31. Rxh6 g4 32. Rg6 Qe3+ 33. Kh1 gxf3 34. Qxf5 Qe4 35. Rxf3 Qxf5 36. Rxf5 Rxb2 37. Rf1 Ree2 38. Rd1 Rxh2+ 39. Kg1 Rbg2+ 40. Kf1 Rd2 41. Rxd2 Rxd2 42. Rg5 b4 43. cxb4 cxb4 44. Ke1 Rd3 45. Ke2 Rc3 46. Kd2 Kf7 47. Rb5 Bh6+ 48. Kd1 b3 49. g4 Bf4 50. g5 Bxg5 51. Rb6 Bc1 52. Rb7+ Ke6 53. Rb5 Kd6 54. Rb8 b2 55. Rb7 Rc4 56. Rb8 Kd5 57. Rb7 Kd4 58. Rb3 Rc5 59. Rb7 Kc3 60. Rb6 Rc4 0-1

[Event "Rheinland Pfalz op Seniors 16th"]
[Site "Neustadt an der Weinstrasse"]
[Date "2018.07.09"]
[Round "3"]
[White "Kalepky, Helmut"]
[Black "Bellingrath, Jens"]
[Result "1/2-1/2"]
[WhiteElo "1980"]
[BlackElo "2070"]
[PlyCount "30"]
[EventDate "2018.07.07"]
[EventType "swiss"]
[EventRounds "9"]
[EventCountry "GER"]
[SourceTitle "EXT 2019"]
[Source "ChessBase"]
[SourceDate "2018.10.10"]
[SourceVersion "1"]
[SourceVersionDate "2018.10.10"]
[SourceQuality "1"]

1. d4 Nf6 2. c4 g6 3. Nc3 Bg7 4. Nf3 0-0 5. Bf4 d6 6. e4 Nc6 7. Be2 Nxd4 8. Qxd4 e5 9. Nxe5 Nd7 10. Qd2 Nxe5 11. Bxe5 Bxe5 12. f4 Bxc3 13. Qxc3 f5 14. exf5 Bxf5 15. 0-0 Be4 1/2-1/2

[Event "Wiesbaden op 29th"]
[Site "Wiesbaden"]
[Date "2017.08.26"]
[Round "5"]
[White "Kalepky, Helmut"]
[Black "Everett, Elijah David"]
[Result "0-1"]
[WhiteElo "1971"]
[BlackElo "2168"]
[PlyCount "77"]
[EventDate "2017.08.24"]
[EventType "swiss"]
[EventRounds "7"]
[EventCountry "GER"]
[SourceTitle "CBM 180 Extra"]
[Source "ChessBase"]
[SourceDate "2017.10.06"]
[SourceVersion "1"]
[SourceVersionDate "2017.10.06"]
[SourceQuality "1"]

1. e4 c5 2. Nf3 d6 3. d4 cxd4 4. Nxd4 Nf6 5. f3 e5 6. Nb3 d5 7. exd5 Qxd5 8. Bd3 Nc6 9. Nc3 Qd8 10. Qe2 Be7 11. 0-0 0-0 12. Kh1 a6 13. Be3 Nb4 14. Be4 Nxe4 15. fxe4 Be6 16. Nc5 Qc8 17. Nxe6 Qxe6 18. a3 Nc6 19. Nd5 Bd6 20. c3 b5 21. Rad1 Na5 22. Qh5 f6 23. Rf3 Rf7 24. Rdf1 Raf8 25. Rh3 g6 26. Qe2 f5 27. Bh6 Re8 28. Rhf3 f4 29. Bg5 Nc4 30. Rd3 Bf8 31. Bh4 Kg7 32. Be1 Bc5 33. Bf2 Bxf2 34. Rxf2 Rd7 35. Rf1 Rb8 36. Rfd1 h5 37. h3 Kh6 38. Qc2 g5 39. Qc1 0-1

[Event "Wiesbaden op 29th"]
[Site "Wiesbaden"]
[Date "2017.08.25"]
[Round "2"]
[White "Kiefer, Daniel"]
[Black "Kalepky, Helmut"]
[Result "1/2-1/2"]
[WhiteElo "2219"]
[BlackElo "1971"]
[PlyCount "62"]
[EventDate "2017.08.24"]
[EventType "swiss"]
[EventRounds "7"]
[EventCountry "GER"]
[SourceTitle "CBM 180 Extra"]
[Source "ChessBase"]
[SourceDate "2017.10.06"]
[SourceVersion "1"]
[SourceVersionDate "2017.10.06"]
[SourceQuality "1"]

1. d4 Nf6 2. c4 c5 3. Nf3 cxd4 4. Nxd4 e6 5. Nc3 Bb4 6. Qb3 Qa5 7. Bd2 Nc6 8. Nxc6 bxc6 9. a3 Bxc3 10. Qxc3 Qxc3 11. Bxc3 d6 12. f3 Rg8 13. e4 Nd7 14. 0-0-0 Ke7 15. Be2 f6 16. Ba5 Nb6 17. Rd2 Bb7 18. Rhd1 d5 19. f4 Rgc8 20. Kb1 Rab8 21. f5 e5 22. cxd5 cxd5 23. exd5 Nc4 24. Bb4+ Kd7 25. Rc2 Nd6 26. Rc6 Bxc6 27. dxc6+ Rxc6 28. Bf3 Rcb6 29. g4 Rxb4 30. axb4 Rxb4 31. Kc2 Ke7 1/2-1/2

[Event "Heusenstamm Sparkassen op-A 3rd"]
[Site "Heusenstamm"]
[Date "2016.11.27"]
[Round "6"]
[White "Schlapp, Thomas"]
[Black "Kalepky, Helmut"]
[Result "1-0"]
[WhiteElo "2261"]
[BlackElo "2019"]
[PlyCount "83"]
[EventDate "2016.11.24"]
[EventType "swiss"]
[EventRounds "7"]
[EventCountry "GER"]
[SourceTitle "EXT 2018"]
[Source "ChessBase"]
[SourceDate "2017.10.13"]
[SourceVersion "1"]
[SourceVersionDate "2017.10.13"]
[SourceQuality "1"]

1. d4 Nf6 2. c4 e6 3. Nc3 Bb4 4. e3 c5 5. Nf3 0-0 6. Bd3 d5 7. 0-0 Nc6 8. a3 Bxc3 9. bxc3 b6 10. cxd5 exd5 11. dxc5 bxc5 12. c4 d4 13. h3 Qb6 14. exd4 cxd4 15. Qc2 Qc5 16. Bg5 Ne5 17. Nxe5 Qxe5 18. f4 Qc5 19. Bxf6 gxf6 20. Bxh7+ Kg7 21. Be4 Rb8 22. Qf2 Rb3 23. Rfd1 Re3 24. Bd3 Rh8 25. Bf1 Bf5 26. Rd2 Rhe8 27. Kh2 Rxa3 28. Rxa3 Qxa3 29. Qxd4 Rc8 30. g4 Bb1 31. g5 Kg8 32. gxf6 Qf3 33. Bg2 Qh5 34. Bd5 Bf5 35. Qg1+ Bg6 36. Bxf7+ Kxf7 37. Qxa7+ Kxf6 38. Rd6+ Kf5 39. Rd5+ Kxf4 40. Qd4+ Kf3 41. Rxh5 Bxh5 42. Qf6+ 1-0